Strategický manažment : aktuálny koncept pre rýchlo sa približujúcu budúcnosť /

Enregistré dans:
Détails bibliographiques
Auteurs principaux: Papula, Jozef, 1946- (Auteur), Papulová, Zuzana (Auteur), Papula, Ján, 1979- (Auteur)
Format: Livre
Langue:slovaque
Publié: Praha Wolters Kluwer 2019
Édition:1. vyd.
Sujets:
Tags: Ajouter un tag
Pas de tags, Soyez le premier à ajouter un tag!

MARC

LEADER 00000nam a22000003a 4500
001 0098688
003 SK-STU
005 20221129093718.9
007 ta
008 221129s ----xo-----e------000-0-----d
020 |a 978-80-7598-535-4 
040 |a STU  |b slo 
041 0 |a slo 
044 |a xr 
100 1 |a Papula, Jozef,  |d 1946-  |4 aut  |X 1425  |7 A000001425 
245 1 0 |a Strategický manažment :  |b aktuálny koncept pre rýchlo sa približujúcu budúcnosť /  |c aut. Jozef Papula, Zuzana Papulová, Ján Papula 
250 |a 1. vyd. 
260 |a Praha  |b Wolters Kluwer  |c 2019 
300 |a 320 s. 
650 0 7 |a strategický manažment 
700 1 |a Papulová, Zuzana  |4 aut 
700 1 |a Papula, Ján,  |d 1979-  |4 aut  |X 71186  |7 71186 
996 |b 284M089174  |c M* 14665-1  |l MMST  |s A  |a 24  |w 0098688_0001